LEADER 03182oam 2200757 450 001 9910707183003321 005 20160921130602.0 035 $a(CKB)5470000002461665 035 $a(OCoLC)946942859 035 $a(EXLCZ)995470000002461665 100 $a20160419d2016 ua 0 101 0 $aeng 135 $aurbn||||a|||| 181 $ctxt$2rdacontent 182 $cc$2rdamedia 183 $acr$2rdacarrier 200 10$aBusiness meeting $emeeting before the Committee on Environment and Public Works, United States Senate, One Hundred Fourteenth Congress, first session, April 28-29, 2015 210 1$aWashington :$cU.S. Government Publishing Office,$d2016. 215 $a1 online resource (iii, 389 pages) $cillustrations 225 1 $aS. hrg. ;$v114-225 300 $aTitle from title screen (viewed on Apr. 19, 2016). 300 $aPaper version available for sale by the Superintendent of Documents, United States Government Publishing Office. 320 $aIncludes bibliographical references. 517 $aBusiness meeting 606 $aChemicals$xLaw and legislation$zUnited States 606 $aChemical industry$xLaw and legislation$zUnited States 606 $aToxicity testing$xLaw and legislation$zUnited States 606 $aResearch$xLaw and legislation$zUnited States 606 $aTransparency in government$xLaw and legislation$zUnited States 606 $aWater resources development$xResearch$xLaw and legislation$zUnited States 606 $aFederal aid to water resources development$zUnited States 606 $aChemical industry$xLaw and legislation$2fast 606 $aChemicals$xLaw and legislation$2fast 606 $aFederal aid to water resources development$2fast 606 $aResearch$xLaw and legislation$2fast 606 $aToxicity testing$xLaw and legislation$2fast 606 $aTransparency in government$xLaw and legislation$2fast 606 $aWater resources development$xResearch$xLaw and legislation$2fast 607 $aUnited States$2fast 608 $aLegislative hearings.$2fast 608 $aRules.$2fast 608 $aLegislative hearings.$2lcgft 615 0$aChemicals$xLaw and legislation 615 0$aChemical industry$xLaw and legislation 615 0$aToxicity testing$xLaw and legislation 615 0$aResearch$xLaw and legislation 615 0$aTransparency in government$xLaw and legislation 615 0$aWater resources development$xResearch$xLaw and legislation 615 0$aFederal aid to water resources development 615 7$aChemical industry$xLaw and legislation. 615 7$aChemicals$xLaw and legislation. 615 7$aFederal aid to water resources development. 615 7$aResearch$xLaw and legislation. 615 7$aToxicity testing$xLaw and legislation. 615 7$aTransparency in government$xLaw and legislation. 615 7$aWater resources development$xResearch$xLaw and legislation. 801 0$bGPO 801 1$bGPO 801 2$bOCLCF 801 2$bSTF 801 2$bOCLCO 801 2$bGPO 906 $aBOOK 912 $a9910707183003321 996 $aBusiness meeting$93184312 997 $aUNINA LEADER 01669nam0 2200373 i 450 001 CFI0780039 005 20251003044145.0 010 $a9788817050050 020 $aIT$b2011-7618 100 $a20241120d2011 ||||0itac50 ba 101 | $aita 102 $ait 181 1$6z01$ai $bxxxe 182 1$6z01$an 183 1$6z01$anc$2RDAcarrier 200 1 $aˆLa ‰carità che uccide$ecome gli aiuti dell'Occidente stanno devastando il Terzo mondo$fDambisa Moyo 210 $a[Milano]$cBUR Rizzoli$d2011 215 $a260 p.$d 20 cm 225 | $aBUR Rizzoli$i. Saggi 300 $aTraduzione di Lorenza Lanza, Patrizia Vicentini 410 0$1001CFI0738566$12001 $aBUR Rizzoli$i. Saggi 500 10$aDead aid.$3TO01765189$9UBOV326325$913613 606 $aAssistenza economica$xAfrica$x1970-2007$2FIR$3CFIC190497$9N 676 $a338.91091724$9ASSISTENZA ECONOMICA INTERNAZIONALE a regioni a basso livello economico$v21 676 $a338.91096$9Sviluppo e crescita internazionale. Africa$v22 700 1$aMoyo$b, Dambisa$3UBOV326325$4070$0437497 801 3$aIT$bIT-000000$c20241120 850 $aIT-BN0095 901 $bNAP 01$cPOZZO LIB.$nVi sono collocati fondi di economia, periodici di ingegneria e scienze, periodici di economia e statistica e altri fondi comprendenti documenti di economia pervenuti in dono. 912 $aCFI0780039 950 0$aBiblioteca Centralizzata di Ateneo$c1 v.$d 01POZZO LIB.ECON MON 2888$e 0101 0010031455E VMA 1 v. precedente collocazione DP (AZ) 03 145$fB $h20131108$i20131108 977 $a 01 996 $aDead aid$913613 997 $aUNISANNIO